Statistics for 1956年12月時点の急行雲仙停車駅

Click here to take the quiz!

General Stats

  • This quiz has been taken 49 times
  • The average score is 48 of 51

Answer Stats

Answer% Correct
東京
100%
米原
100%
鳥栖
100%
博多
100%
小倉
100%
門司
100%
下関
100%
徳山
100%
岩国
100%
広島
100%
品川
100%
姫路
100%
三ノ宮
100%
大阪
100%
京都
100%
岡山
100%
岐阜
100%
浜松
100%
横浜
100%
小田原
100%
熱海
100%
沼津
100%
静岡
100%
長崎
100%
豊橋
100%
名古屋
100%
大垣
98%
佐賀
98%
厚狭
98%
神戸
98%
諫早
98%
小郡
98%
尾道
98%
清水
98%
福山
98%
富士
95%
彦根
95%
大船
95%
尾張一宮
95%
宮島口
93%
肥前山口
90%
肥前鹿島
90%
折尾
88%
柳井
85%
浦上
85%
刈谷
85%
糸崎
85%
熱田
85%
小野田
80%
下松
80%
三田尻
45%

Score Distribution

Percentile by Number Answered

Percent of People with Each Score

Your Score History

You have not taken this quiz